[Event "Belgrade op"]
[Site "Belgrade"]
[Date "1989.??.??"]
[Round "7"]
[White "Sulava, Nenad"]
[Black "Hadzovic, Izet"]
[Result "1-0"]
[WhiteElo "2380"]
[BlackElo "2305"]
[PlyCount "67"]
[EventDate "1989.11.??"]
[EventType "swiss"]
[EventRounds "9"]
[EventCountry "YUG"]
[SourceTitle "EXT 1997"]
[Source "ChessBase"]
[SourceDate "1996.11.15"]
[SourceVersion "1"]
[SourceVersionDate "1996.11.15"]
[SourceQuality "1"]

1. d4 f5 2. g3 Nf6 3. Bg2 g6 4. c3 Bg7 5. Bg5 c6 6. Nd2 d5 7. Nh3 Nbd7 8. Nf4 Nf8 9. Bxf6 Bxf6 10. Nd3 Qd6 11. f4 Nd7 12. e3 b6 13. c4 e6 14. 0-0 0-0 15. b4 a5 16. b5 Bb7 17. bxc6 Bxc6 18. Ne5 Bxe5 19. fxe5 Qa3 20. Qb3 Qxb3 21. axb3 Rac8 22. Rfc1 Ba8 23. cxd5 Bxd5 24. Nc4 Bxg2 25. Kxg2 g5 26. Nd6 Rxc1 27. Rxc1 Ra8 28. Rc7 Nf8 29. e4 fxe4 30. Nxe4 b5 31. Nf6+ Kh8 32. d5 exd5 33. e6 Nxe6 34. Rxh7# 1-0